Statystyki dla Stolice z najwyższymi wzniesieniami

Kliknij tutaj aby rozwiązać quiz!

Ogólne statystyki

  • Ten quiz został rozwiązany 1 693 razy
  • Średni wynik to 7 z 20

Statystyki odpowiedzi

WysokośćKrajMiasto% Poprawnych
3640 mBoliwiaLa Paz
75%
2240 mMeksykMeksyk
75%
2625 mKolumbiaBogota
74%
1400 mNepalKatmandu
65%
2850 mEkwadorQuito
64%
1795 mKeniaNairobi
51%
1350 mMongoliaUłan Bator
41%
2750 mBoliwiaSucre
40%
2648 mBhutanThimphu
40%
2355 mEtiopiaAddis Abeba
35%
1529 mGwatemalaGwatemala
35%
1790 mAfganistanKabul
33%
1567 mRwandaKigali
22%
1483 mZimbabweHarare
17%
1504 mBurundiGitega
16%
1673 mLesothoMaseru
15%
2325 mErytreaAsmara
14%
1721 mNamibiaWindhuk
14%
2250 mJemenSana
13%
1400 mPołudniowa AfrykaBloemfontein
10%

Rozkład punktacji

Percentyl według liczby udzielonych odpowiedzi

Procent ludzi z każdym wynikiem

Twoja historia wyników

Nie rozwiązałeś tego quizu